A novel method for 13C-NMR spectroscopy of polymer in emulsion: Quantitative analysis of microstructure of crosslinked polybutadiene in latex (Record no. 53483)

MARC details
000 -LEADER
fixed length control field 00619nam a2200193Ia 4500
100 ## - MAIN ENTRY--AUTHOR NAME
Personal name Kawahara Seiichi
245 #2 - TITLE STATEMENT
Title A novel method for 13C-NMR spectroscopy of polymer in emulsion: Quantitative analysis of microstructure of crosslinked polybutadiene in latex
260 ## - PUBLICATION, DISTRIBUTION, ETC. (IMPRINT)
Name of publisher Rubber Chemistry and Technology
Year of publication 1999
300 ## - PHYSICAL DESCRIPTION
Number of Pages 844-853
650 ## - SUBJECT ADDED ENTRY--TOPICAL TERM
Topical Term 13C-NMR spectroscopy
650 ## - SUBJECT ADDED ENTRY--TOPICAL TERM
Topical Term Emulsion
650 ## - SUBJECT ADDED ENTRY--TOPICAL TERM
Topical Term Polybutadiene
700 ## - ADDED ENTRY--PERSONAL NAME
Personal name Bushimata Saori
700 ## - ADDED ENTRY--PERSONAL NAME
Personal name Hashimoto Chihiro
700 ## - ADDED ENTRY--PERSONAL NAME
Personal name Sugiyama Takashi
700 ## - ADDED ENTRY--PERSONAL NAME
Personal name Tanaka Yasuyuki
942 ## - ADDED ENTRY ELEMENTS (KOHA)
Koha item type Journals
Holdings
Withdrawn status Lost status Damaged status Not for loan Home library Current library Shelving location Date acquired Serial Enumeration / chronology Koha item type
      Journals RRII Library RRII Library Rubber chemistry 17/12/2021 Volume 72, Issue 5 Journals